Introduction to matlab 6 for engineers. (Record no. 10685)
[ view plain ]
| 000 -LEADER | |
|---|---|
| fixed length control field | 00506 a2200157 4500 |
| 020 ## - INTERNATIONAL STANDARD BOOK NUMBER | |
| International Standard Book Number | 0072349832 |
| 082 ## - DEWEY DECIMAL CLASSIFICATION NUMBER | |
| Classification number | 620.00151 |
| 090 ## - LOCALLY ASSIGNED LC-TYPE CALL NUMBER (OCLC); LOCAL CALL NUMBER (RLIN) | |
| -- | 6862 |
| -- | 6862 |
| 100 ## - MAIN ENTRY--PERSONAL NAME | |
| Personal name | William J. Palm |
| 245 ## - TITLE STATEMENT | |
| Title | Introduction to matlab 6 for engineers. |
| Statement of responsibility, etc. | William J. Palm |
| Medium | English |
| 260 ## - PUBLICATION, DISTRIBUTION, ETC. | |
| Place of publication, distribution, etc. | Island |
| Name of publisher, distributor, etc. | McGraw- Hill |
| Date of publication, distribution, etc. | 1994 |
| 300 ## - PHYSICAL DESCRIPTION | |
| Extent | xix, 600p |
| Other physical details | ill. ; |
| Dimensions | 29 cm |
| 600 ## - SUBJECT ADDED ENTRY--PERSONAL NAME | |
| Personal name | MATLAB. |
| Dates associated with a name | Engineering mathematics --Data processing. |
| Title of a work | Numerical analysis --Data processing. |
| 655 ## - INDEX TERM--GENRE/FORM | |
| Genre/form data or focus term | includes indes. |
| 942 ## - ADDED ENTRY ELEMENTS (KOHA) | |
| Koha item type | Book |
| Call number prefix | 620.00151 PAL |
| Withdrawn status | Lost status | Damaged status | Not for loan | Permanent Location | Current Location | Total Checkouts | Full call number | Barcode | Date last seen | Price effective from | Koha item type |
|---|---|---|---|---|---|---|---|---|---|---|---|
| Central Library (CL) | Central Library (CL) | 620.00151 PAL | SEECSD00468 | 11/14/2012 | 11/14/2012 | Book |
